000 00821nam a2200253 a 4500
003 MX-MxUPN
005 20240614063731.0
008 991125s1945 mx a dr 000 0 mul d
035 _aUPN01000031302
040 _aMX-MxUPN
_bspa
_cMX-MxUPN
041 0 _aeng
_aspa
049 _aLT
050 4 _aLB1631 M6.1
_bP5.3 1945
100 1 _aPicazo de Murray, Elena
_929578
245 1 0 _aInglés elemental :
_blibro primero /
_cpor Elena Picazo de Murray y Paul V. Murray
260 _aMéxico :
_bImp. Aldina, Robredo y Rosell,
_c1945
300 _a158 páginas :
_bilustraciones.
650 4 _aInglés
_xEstudio y enseñanza (Secundaria)
_95708
650 4 _aInglés
_vLibros de texto para extranjeros
_99168
700 1 _aMurray, Paul V.,
_ecoaut.
_929699
904 _aAC
_b031303
905 _aLibro
942 _2lcc
_cLIBRO
999 _c31302
_d31302